000 00534nam a2200217 a 4500
001 0001-1995
003 ELIB.Books
008 190528 2010 eng
020 _aKBTS
092 _a234.2
_bDru
100 _aDrullinger, David W.
245 _aFaith In Action
260 _aIllinois
_bRegular Baptist Press
_c1997
300 _a127
_c22 Cm
650 _aFaith
856 _nKBTS Library
_uKBTS Elib
942 _2ddc
_cBK
990 _a1
998 _aEnglishbooks.elf
_ccat
_e2019-05-28
999 _c11995
_d11995